01510nam a2200361Ia 4500001001200000003000800012006001900020007001500039008004100054020001800095020001500113040002100128035002100149050002300170082001900193100002700212245017600239260006200415300001100477490005000488504005300538533015200591650004100743650002600784650004200810650002300852655002900875700003300904710001700937830005100954856012601005999001701131ebr10064469CaPaEBRm u cr cn|||||||||041017s2004 enk gsb 001 0 eng d z9781846424274 z1843100940 aCaPaEBRcCaPaEBR a(OCoLC)56790564414aRC510b.T83 2004eb04a616.89/1522221 aTubert-Oklander, Juan.10aOperative groupsh[electronic resource] :bthe Latin-American approach to group analysis /cJuan Tubert-Oklander and Reyna Hernandez de Tubert ; foreword by Malcolm Pines. aLondon ;aNew York :bJessica Kingsley Publishers,c2004. a272 p.1 aInternational library of group analysis ;v24 aIncludes bibliographical references and indexes. aElectronic reproduction.bPalo Alto, Calif. :cebrary,d2009.nAvailable via World Wide Web.nAccess may be limited to ebrary affiliated libraries. 0aGroup psychoanalysiszLatin America. 0aGroup psychoanalysis. 0aSocial groupsxPsychological aspects. 0aSocial psychology. 7aElectronic books.2local1 aHern?andez de Tubert, Reyna.2 aebrary, Inc. 0aInternational library of group analysis ;v24.40uhttp://site.ebrary.com/lib/rucke/Doc?id=10064469zAn electronic book accessible through the World Wide Web; click to view c48127d48127